Normal view
MARC view
- Browne, Michael.E
Entry Personal Name
001 - CONTROL NUMBER
- control field: 63021
003 - CONTROL NUMBER IDENTIFIER
- control field: NUST
005 - DATE AND TIME OF LATEST TRANSACTION
- control field: 20210628203040.0
008 - FIXED-LENGTH DATA ELEMENTS
- fixed length control field: 210628|| aca||aabn | a|a d
040 ## - CATALOGING SOURCE
- Original cataloging agency: NUST
- Transcribing agency: NUST
100 ## - HEADING--PERSONAL NAME
- Personal name: Browne, Michael.E
670 ## - SOURCE DATA FOUND
- Source citation: Work cat.: (NUST): Browne, Michael.E, Theory and problems of physics for engineering for science, 1998
